000 00483nam a2200181Ia 4500
008 090124s9999 xx 000 0 und d
082 _b123114
100 _aमंगेशकर गीता
245 _a विलक्षण
250 _a1
260 _c1987
300 _a211
600 _aमंगेशकर गीता
630 _a विलक्षण
700 _aमंगेशकर गीता
730 _a विलक्षण
942 _cBOOK
999 _c169200
_d169200